|
|
|
|
| LEADER |
00000nam2a2200000 4500 |
| 001 |
287280 |
| 005 |
20231101235955.0 |
| 035 |
|
|
|a (RuTPU)RU\TPU\book\311658
|
| 035 |
|
|
|a RU\TPU\book\302510
|
| 035 |
|
|
|a RU\TPU\book\303232
|
| 090 |
|
|
|a 287280
|
| 100 |
|
|
|a 20141224d1985 k y0rusy5003 ca
|
| 101 |
0 |
|
|a rus
|
| 102 |
|
|
|a UA
|
| 105 |
|
|
|a a z 001zy
|
| 200 |
0 |
|
|a Вып. 55
|f отв. ред. И. И. Ляшко
|
| 210 |
|
|
|d 1985
|
| 215 |
|
|
|a 126 с.
|c ил.
|
| 320 |
|
|
|a Библиогр. в конце ст.
|
| 461 |
|
1 |
|0 (RuTPU)RU\TPU\book\165551
|t Вычислительная и прикладная математика
|o республиканский межведомственный научный сборник
|f Киевский государственный университет им. Т. Г. Шевченко
|v Вып. 55
|d 1965-1992
|
| 606 |
1 |
|
|a Вычислительная математика
|2 stltpush
|3 (RuTPU)RU\TPU\subj\4022
|9 32338
|
| 606 |
1 |
|
|a Математика прикладная
|2 stltpush
|3 (RuTPU)RU\TPU\subj\53312
|9 71627
|
| 610 |
1 |
|
|a численные методы
|
| 610 |
1 |
|
|a уравнения
|
| 610 |
1 |
|
|a решения
|
| 610 |
1 |
|
|a аналитические функции
|
| 610 |
1 |
|
|a обобщенные многочлены
|
| 610 |
1 |
|
|a сходимость
|
| 610 |
1 |
|
|a интегральные уравнения
|
| 610 |
1 |
|
|a механика
|
| 610 |
1 |
|
|a задачи
|
| 610 |
1 |
|
|a приближенные методы
|
| 610 |
1 |
|
|a ЭВМ
|
| 610 |
1 |
|
|a теория упругости
|
| 610 |
1 |
|
|a оптимизация
|
| 610 |
1 |
|
|a напряженно-деформированное состояние
|
| 610 |
1 |
|
|a фильтрация
|
| 610 |
1 |
|
|a теория
|
| 610 |
1 |
|
|a теория управления
|
| 610 |
1 |
|
|a математическая статистика
|
| 610 |
1 |
|
|a математическая кибернетика
|
| 675 |
|
|
|a 519.6
|z rus
|v 3
|
| 675 |
|
|
|a 51-7
|z rus
|v 3
|
| 702 |
|
1 |
|a Ляшко
|b И. И.
|g Иван Иванович
|4 340
|
| 801 |
|
0 |
|a RU
|b RuMRKP
|c 19950704
|g psbo
|
| 801 |
|
1 |
|a RU
|b 63413507
|c 20150313
|
| 801 |
|
2 |
|a RU
|b 63413507
|c 20170309
|g RCR
|
| 942 |
|
|
|c BK
|